000 01577nam a2200241 a 4500
001
003 OSt
005 20230713100407.0
008 090331s2002 dr 000 0 spa d
040 _aDO-SdBNP
_bspa
_c
082 _a324.27293
_bB742pa, 2002
_222
100 1 _a Bosch, Juan,
_d1909-2001
_91
245 1 3 _aEl partido :
_bconcepción, organización y desarrollo /
_cJuan Bosch.
250 _a4a. ed.
260 _aSanto Domingo :
_bAlfa & Omega,
_c2002.
300 _aii, 253 p. ;
_c21 cm.
505 0 _aPalabras de explicación --
_tAnálisis del partido --
_tSignificado de la dialéctica --
_tSobre el partido --
_tLas alianzas entre partidos --
_tPara los círculos --
_tLa consulta a las bases del PLD --
_tEl segundo paso --
_tEl PLD y las elecciones --
_tEl primer congreso elector nacional --
_tPor qué vamos --
_tDiscurso en el primer congreso --
_tLos métodos de trabajo --
_tLos métodos de trabajo del PLD --
_tBase teórica de los métodos de trabajo --
_tLa crisis del PLD --
_tAprendamos a desconfiar --
_tRazones que tiene el PLD para ir a las elecciones --
_tHay que tener cuidado con el populismo --
_tLos resultados de las elecciones --
_t¿Qué ganó el PLD en las elecciones? --
_tLenin aplicó un programa de derechas --
_tLenin, el programa y la táctica --
_tEl periódico y el partido --
_tLa venta de vanguardia --
_tEl periódico del partido.
590 _aInventariado, 2023/VM
610 4 _aPartido de la Liberación Dominicana
650 4 _aPartidos políticos
_zRepública Dominicana
910 _a VMateo V. Control de calidad (BPMSU)
942 _2ddc
_cBK
999 _c13839
_d13839